| 000 | 00597nam a2200181 a 4500 | ||
|---|---|---|---|
| 001 | 2051 | ||
| 003 | CDMR | ||
| 005 | 20130320100746.0 | ||
| 008 | 130130s1998||||||||||||||||||||||||||||d | ||
| 020 | _a8489727988 | ||
| 040 |
_aCDMR _bcat _cCPC LLEIDA |
||
| 100 | 1 |
_aFox, Edward Whiting _93038 |
|
| 245 | 1 | 3 |
_aLa historia desde una perspectiva geográfica _cescritos teóricos de Edward Whiting Fox ; edición, estudio introductorio y traducción a cargo de Luis Urteaga |
| 260 |
_aLleida _c1998 _bUniversitat de Lleida |
||
| 490 | 0 |
_aEspai/Temps _v33 |
|
| 700 | 1 |
_91526 _aUrteaga, Luis |
|
| 942 |
_cMON _2udc |
||
| 999 |
_c2051 _d2051 |
||